Normal view
MARC view
Entry Uniform Title
001 - CONTROL NUMBER
- control field: 36985
003 - CONTROL NUMBER IDENTIFIER
- control field: dpl
005 - DATE AND TIME OF LATEST TRANSACTION
- control field: 20111215122532.0
008 - FIXED-LENGTH DATA ELEMENTS
- fixed length control field: 111215|||a|||||| | ||| d
040 ## - CATALOGING SOURCE
- Original cataloging agency: dpl
- Transcribing agency: dpl
130 ## - HEADING--UNIFORM TITLE
- Uniform title: Microsoft Office
- General subdivision: Examinations
- Form subdivision: Study guides.
670 ## - SOURCE DATA FOUND
- Source citation: Work cat.: (dpl)59450: 36352 Lambert, Joan, MOS 2010 study guide for Microsoft Word, Excel, PowerPoint, and Outlook /, 2012
670 ## - SOURCE DATA FOUND
- Source citation: Work cat.: (dpl)59450: 36352 Lambert, Joan, MOS 2010 study guide for Microsoft Word, Excel, PowerPoint, and Outlook /, 2012
